Villes les plus peuplées du Calvados 14 - Statistiques

Statistiques générales
  • Ce quiz a été pris 143 fois
  • Le résultat moyen est 7 sur 15
Statistiques - réponses
Population Ville % Correct
107 250 Caen
100%
12 640 Bayeux
88%
19 755 Lisieux
84%
22 150 Hérouville-Saint-Clair
68%
9 438 Ouistreham
64%
10 054 Mondeville
62%
7 849 Falaise
58%
11 902 Ifs
57%
6 742 Honfleur
53%
7 029 Colombelles
37%
16 935 Vire Normandie
35%
9 624 Mézidon Vallée d'Auge
11%
7 325 Saint-Pierre-en-Auge
11%
8 848 Souleuvre en Bocage
7%
6 296 Condé-en-Nordmandie
1%
Aucun quiz correspondant
Distribution des résultats
% des personnes avec chaque résultat
Percentile par nombre de réponses
Votre historique - résultats
Vous n’avez pas pris ce quiz